000 00618nam a2200229Ia 4500
003 OSt
005 20220928101739.0
006 a|||||r|||| 00| 0
007 ta
008 220927b |||||||| |||| 00| 0 eng d
024 _a42502
037 _cTextual
040 _aSDCL
_cSDCL
_beng
041 _2eng
_aeng
082 _aS8, M1
100 _aHenderson Allen H
_9394677
245 0 _aSocial power
_b Social psychological models and theories.
260 _aNew York
_b Praeger
_c1981
300 _a120p.
_ccm.
942 _hS8, M1
_cTEXL
_2CC
999 _c710282
_d710282